Energy problems and urban and suburban transport (Record no. 541981)

000 -LEADER
fixed length control field 00412nam a22001337a 4500
020 ## - INTERNATIONAL STANDARD BOOK NUMBER
International Standard Book Number 9264117601
082 ## - DEWEY DECIMAL CLASSIFICATION NUMBER
Classification number 333.7968
Author Mark ORG
-- D
245 ## - TITLE STATEMENT
Title Energy problems and urban and suburban transport
Statement of responsibility, etc. ORG
260 ## - PUBLICATION, DISTRIBUTION, ETC.
Place of publication, distribution, etc. Washington
Name of publisher, distributor, etc. Organisation for economic cooperation and development
Date of publication, distribution, etc. 1977
300 ## - PHYSICAL DESCRIPTION
Extent 59 p. :
Other physical details ill, ;
Dimensions 24 cm.
526 ## - STUDY PROGRAM INFORMATION NOTE
Program name 0
Interest level 0
Reading level 0
Title point value 333_796800000000000_ORG
650 ## - SUBJECT ADDED ENTRY--TOPICAL TERM
Topical term or geographic name entry element D
9 (RLIN) 6527
942 ## - ADDED ENTRY ELEMENTS (KOHA)
Source of classification or shelving scheme
Koha item type Book
Holdings
Withdrawn status Lost status Source of classification or shelving scheme Damaged status Not for loan Permanent Location Current Location Date acquired Total Checkouts Full call number Barcode Date last seen Copy number Price effective from Koha item type
          Military College of Engineering (MCE) Military College of Engineering (MCE) 09/16/2013   333.7968 ORG MCE-43330 09/16/2013 1 09/16/2013 Book
© 2023 Central Library, National University of Sciences and Technology. All Rights Reserved.